000
00296nam a2200109Ia 4500
008
230907s9999||||xx |||||||||||||| ||und||
082
_a
621
_b
MEC
245
0
_a
Mechanics Of Functional Materials & Structures /
260
_a
Narosa Publishing,
_b
New Delhi :
_c
2013
300
_a
987 p.
942
_c
BK
999
_c
598481
_d
598481